000 01067pam a2200289 a 4500
001 565194
003 OSt
005 20210908100151.0
008 890414r19891961nyua 001 0 eng
010 _a 89033578
020 _a0486661032
040 _aDDC
_cHU
_dDLC
050 0 0 _aQA303
_b.W48 1989
082 0 0 _a515
_22nd
100 1 _aWidder, D. V.
_q(David Vernon),
_d1898-1990.
_92185
245 1 0 _aAdvanced calculus /
_cby David V. Widder.
250 _a2nd ed.
260 _aNew York :
_bDover Publications,
_c1989.
300 _axvi, 520 p. :
_bill. ;
_c22 cm.
500 _aReprint. Originally published: Englewood Cliffs, N.J. : Prentice-Hall, 1961. Originally published in series: Prentice-Hall mathematics series.
500 _aIncludes indexes.
650 0 _aCalculus.
_92186
856 4 2 _3Publisher description
_uhttp://www.loc.gov/catdir/description/dover032/89033578.html
906 _a7
_bcbc
_corignew
_d1
_eocip
_f19
_gy-gencatlg
942 _2ddc
_cBOOKS
_n0
999 _c2539
_d2539